[Event "Heusenstamm Schloss op 1st"]
[Site "Heusenstamm"]
[Date "2014.11.22"]
[Round "4"]
[White "Lutwitzi, Klaus"]
[Black "Roemer, Torsten"]
[Result "0-1"]
[WhiteElo "1620"]
[BlackElo "2058"]
[PlyCount "76"]
[EventDate "2014.11.20"]
[EventType "swiss"]
[EventRounds "7"]
[EventCountry "GER"]
[SourceTitle "CBM 163 Extra"]
[Source "ChessBase"]
[SourceDate "2014.12.23"]
[SourceVersion "1"]
[SourceVersionDate "2014.12.23"]
[SourceQuality "1"]

1. c4 c5 2. e3 Nf6 3. b3 g6 4. Bb2 Bg7 5. d3 Nc6 6. a3 d6 7. Nd2 e5 8. Be2 0-0 9. Ngf3 Re8 10. Qc2 h6 11. 0-0 Nh7 12. Ne4 f5 13. Ng3 Ng5 14. Rfd1 Qe7 15. Nxg5 hxg5 16. Bf3 g4 17. Bd5+ Be6 18. Bxc6 bxc6 19. d4 cxd4 20. exd4 Rab8 21. dxe5 dxe5 22. Re1 Qc5 23. Rac1 a5 24. Ba1 Bf7 25. Bb2 Qb6 26. b4 axb4 27. c5 Qb7 28. axb4 Qxb4 29. Rb1 Qb3 30. Qc3 Bd5 31. Qa5 Qa2 32. Qc3 Rb3 33. Qd2 Reb8 34. Qg5 Rxb2 35. Rxb2 Qxb2 36. Qxg6 Qd2 37. Rxe5 Rb1+ 38. Nf1 Rxf1+ 0-1

[Event "Heusenstamm Schloss op 1st"]
[Site "Heusenstamm"]
[Date "2014.11.20"]
[Round "1"]
[White "Lutwitzi, Klaus"]
[Black "Rosenberger, Frank"]
[Result "0-1"]
[WhiteElo "1620"]
[BlackElo "2067"]
[PlyCount "68"]
[EventDate "2014.11.20"]
[EventType "swiss"]
[EventRounds "7"]
[EventCountry "GER"]
[SourceTitle "CBM 163 Extra"]
[Source "ChessBase"]
[SourceDate "2014.12.23"]
[SourceVersion "1"]
[SourceVersionDate "2014.12.23"]
[SourceQuality "1"]

1. c4 e6 2. b3 d5 3. Bb2 Nf6 4. e3 c6 5. Nf3 Bd6 6. Be2 Nbd7 7. d3 0-0 8. Nbd2 Qe7 9. Qc2 Re8 10. 0-0 e5 11. Rfe1 e4 12. dxe4 dxe4 13. Nd4 Nc5 14. Ba3 Nd3 15. Bxd6 Nxe1 16. Bxe7 Nxc2 17. Nxc2 Rxe7 18. Nf1 c5 19. Rd1 Rd7 20. Rc1 Rd6 21. b4 b6 22. Ng3 g6 23. h3 Rd2 24. a3 h5 25. Kf1 h4 26. Nh1 Be6 27. Ke1 Rad8 28. Nd4 Ra2 29. Nc2 Nd7 30. f3 exf3 31. gxf3 Ne5 32. Nf2 Bxc4 33. Ne4 Bxe2 34. Kxe2 Nd3 0-1

[Event "Rhein Main op-B 17th"]
[Site "Bad Homburg"]
[Date "2014.06.20"]
[Round "4"]
[White "Peschk, Kathrin"]
[Black "Lutwitzi, Klaus"]
[Result "0-1"]
[WhiteElo "1330"]
[BlackElo "1615"]
[PlyCount "86"]
[EventDate "2014.06.18"]
[EventType "swiss"]
[EventRounds "9"]
[EventCountry "GER"]
[SourceTitle "CBM 161 Extra"]
[Source "ChessBase"]
[SourceDate "2014.08.29"]
[SourceVersion "1"]
[SourceVersionDate "2014.08.29"]
[SourceQuality "1"]

1. e4 c5 2. Nc3 e6 3. f4 d6 4. Nf3 Nd7 5. g3 b6 6. Bg2 Bb7 7. 0-0 Be7 8. d3 Ngf6 9. Be3 a6 10. Qd2 h6 11. Rae1 Ng4 12. Nd1 Ndf6 13. Bh3 h5 14. Bf2 Qc7 15. Ne3 0-0-0 16. Bg2 Nxe3 17. Bxe3 Ng4 18. Ng5 Bf6 19. c3 h4 20. e5 dxe5 21. fxe5 Bxe5 22. Rxf7 Rd7 23. Nxe6 Qd6 24. Rxd7 Qxd7 25. Bxb7+ Qxb7 26. Qg2 hxg3 27. Qxb7+ Kxb7 28. hxg3 Bxg3 29. Re2 Be5 30. Bf4 Bxf4 31. Nxf4 Rf8 32. Re7+ Kc6 33. Re6+ Kd7 34. Re4 Nf6 35. Re2 g5 36. Ng6 Rg8 37. Ne7 Re8 38. Rf2 Kxe7 39. Rf5 g4 40. Kg2 Ke6 41. Rf2 Rd8 42. Re2+ Kf5 43. Rd2 Kf4 0-1

[Event "Rhein Main op-B 16th"]
[Site "Bad Homburg"]
[Date "2013.06.01"]
[Round "5"]
[White "Oezdemir, Ali Oezden"]
[Black "Lutwitzi, Klaus"]
[Result "1-0"]
[WhiteElo "1893"]
[BlackElo "1628"]
[PlyCount "71"]
[EventDate "2013.05.29"]
[EventType "swiss"]
[EventRounds "7"]
[EventCountry "GER"]
[SourceTitle "EXT 2014"]
[Source "ChessBase"]
[SourceDate "2013.11.20"]
[SourceVersion "1"]
[SourceVersionDate "2013.11.20"]
[SourceQuality "1"]

1. e4 c5 2. Nf3 e6 3. d4 cxd4 4. Nxd4 a6 5. Bd3 b5 6. 0-0 Bb7 7. c3 d6 8. a4 e5 9. Nf5 g6 10. Ne3 bxa4 11. c4 Nf6 12. Nc3 Nbd7 13. Qxa4 Bh6 14. Ned5 Bxc1 15. Rfxc1 0-0 16. b4 Nb6 17. Qb3 Rc8 18. Ne3 Qd7 19. Ncd5 Nbxd5 20. exd5 Nh5 21. Bf1 f5 22. c5 dxc5 23. bxc5 Qf7 24. Bxa6 Rb8 25. Bxb7 Rxb7 26. Qc4 f4 27. Ng4 Kg7 28. Nxe5 Qf5 29. c6 Rc7 30. d6 Qxe5 31. dxc7 Qxc7 32. Rab1 Qc8 33. c7 f3 34. Rb8 Qxb8 35. cxb8Q Rxb8 36. Qc7+ 1-0

[Event "Rhein Main op-B 16th"]
[Site "Bad Homburg"]
[Date "2013.06.01"]
[Round "6"]
[White "Zerhusen, Martin"]
[Black "Lutwitzi, Klaus"]
[Result "1-0"]
[WhiteElo "1824"]
[BlackElo "1628"]
[PlyCount "129"]
[EventDate "2013.05.29"]
[EventType "swiss"]
[EventRounds "7"]
[EventCountry "GER"]
[SourceTitle "EXT 2014"]
[Source "ChessBase"]
[SourceDate "2013.11.20"]
[SourceVersion "1"]
[SourceVersionDate "2013.11.20"]
[SourceQuality "1"]

1. d4 Nf6 2. c4 e6 3. Nc3 Be7 4. Nf3 b6 5. Bg5 d6 6. e3 Nbd7 7. Rc1 Bb7 8. Be2 0-0 9. 0-0 c5 10. h3 cxd4 11. Qxd4 d5 12. cxd5 Nxd5 13. Bxe7 Qxe7 14. Rfd1 Rfd8 15. Nxd5 Bxd5 16. a3 Bb3 17. Rd2 Nc5 18. Qc3 Rxd2 19. Qxd2 Rd8 20. Qb4 Bd5 21. Qf4 Bxf3 22. Qxf3 g6 23. b4 Nd3 24. Rd1 Ne5 25. Rxd8+ Qxd8 26. Qb7 Qd6 27. Qxa7 Kg7 28. Qa6 Nd7 29. Qd3 Qc6 30. Qd4+ Kh6 31. Qc4 Qd6 32. Qf4+ Qxf4 33. exf4 Kg7 34. Bc4 Kf6 35. g4 Ke7 36. Kf1 Kd6 37. Ke2 Kc6 38. Kd3 b5 39. Bb3 Kd6 40. Kd4 h6 41. h4 Nf6 42. Bc2 Kc6 43. Ke5 Ne8 44. f3 Nd6 45. Be4+ Kd7 46. Kf6 Ke8 47. Bc6+ Kf8 48. Bd7 Nc4 49. Bxb5 Nxa3 50. Bc6 Nc4 51. b5 Nb6 52. Ke5 Ke7 53. Kd4 Kd6 54. Be8 Ke7 55. Kc5 Nd5 56. Bc6 Nc7 57. b6 Na6+ 58. Kb5 Nb8 59. b7 Kd8 60. Kb6 f6 61. Bb5 g5 62. fxg5 fxg5 63. hxg5 hxg5 64. Bc6 e5 65. Bb5 1-0

[Event "Karl Mala Memorial op 15th"]
[Site "Frankfurt"]
[Date "2012.07.07"]
[Round "5"]
[White "Lutwitzi, Klaus"]
[Black "Kempfer, Justus"]
[Result "0-1"]
[WhiteElo "1495"]
[BlackElo "1754"]
[PlyCount "82"]
[EventDate "2012.07.05"]
[EventType "swiss"]
[EventRounds "7"]
[EventCountry "GER"]
[SourceTitle "CBM 149 Extra"]
[Source "ChessBase"]
[SourceDate "2012.08.24"]
[SourceVersion "1"]
[SourceVersionDate "2012.08.24"]
[SourceQuality "1"]

1. c4 Nf6 2. e3 g6 3. b3 Bg7 4. Bb2 0-0 5. d3 d6 6. Nd2 Nc6 7. a3 Bf5 8. Ngf3 Nd7 9. Be2 Bxb2 10. Ra2 Bg7 11. 0-0 Nc5 12. d4 Ne4 13. b4 Nc3 14. Qa1 Nxa2 15. Qxa2 Bd7 16. Rd1 e6 17. b5 Ne7 18. Nb3 c6 19. a4 Qc7 20. c5 dxc5 21. Nxc5 Nd5 22. Qb3 cxb5 23. axb5 b6 24. Nd3 Nc3 25. Rd2 Bxb5 26. Bf1 Ba4 27. Qa3 Rfc8 28. Qa1 Qd6 29. Nb2 Bb5 30. Ne1 Bxf1 31. Kxf1 Qxh2 32. Nf3 Qh5 33. Nd3 Rc7 34. Rc2 Rac8 35. Qc1 Qb5 36. Nfe1 e5 37. dxe5 Bxe5 38. g3 Kg7 39. Kg2 Na2 40. Rxc7 Nxc1 41. Rxc8 Nxd3 0-1

[Event "Rhein Main op-B 15th"]
[Site "Bad Homburg"]
[Date "2012.06.07"]
[Round "3"]
[White "Schmid, Herbert"]
[Black "Lutwitzi, Klaus"]
[Result "1-0"]
[WhiteElo "1822"]
[BlackElo "1487"]
[PlyCount "163"]
[EventDate "2012.06.06"]
[EventType "swiss"]
[EventRounds "7"]
[EventCountry "GER"]
[SourceTitle "EXT 2013"]
[Source "ChessBase"]
[SourceDate "2012.11.22"]
[SourceVersion "1"]
[SourceVersionDate "2012.11.22"]
[SourceQuality "1"]

1. e4 c5 2. Nf3 e6 3. d3 d6 4. g3 b6 5. Bg2 Bb7 6. 0-0 Nd7 7. c3 Be7 8. Re1 Qc7 9. Na3 a6 10. Bf4 b5 11. Rc1 e5 12. Be3 d5 13. exd5 Bxd5 14. c4 Bc6 15. Nb1 Ngf6 16. h3 0-0 17. Nbd2 Rad8 18. Qe2 Rfe8 19. Nh4 Bxg2 20. Kxg2 Qb7+ 21. Kh2 g6 22. Nb3 Bf8 23. Qc2 Rc8 24. Rf1 e4 25. d4 bxc4 26. Na5 Qd5 27. dxc5 Bxc5 28. Rcd1 Qe6 29. Nb7 Bf8 30. Na5 Ne5 31. Bd4 Bb4 32. Bxe5 Bxa5 33. Bc3 Bc7 34. Ng2 Nd7 35. Ne3 Ne5 36. Qxe4 f5 37. Qb7 Qc6 38. Qxc6 Nxc6 39. Nxc4 Re2 40. Kg2 Rce8 41. Rd2 R2e7 42. Rfd1 Ne5 43. Ne3 Rf7 44. Nd5 Nc4 45. Nxc7 Rxc7 46. Rd7 Re7 47. Rxc7 Rxc7 48. Rd8+ Kf7 49. Ra8 Rb7 50. b3 Nd6 51. Rxa6 Ne4 52. Bd4 Rd7 53. Ra7 Ke6 54. Rxd7 Kxd7 55. a4 Kc6 56. f3 Nd6 57. Be5 Nb7 58. b4 Kd5 59. Bg7 Nd6 60. Bf8 Nc8 61. Kf2 Nb6 62. a5 Na8 63. b5 Nc7 64. b6 Na6 65. Bh6 Kc6 66. Bd2 Nc5 67. Be3 Na6 68. Bd2 Nc5 69. Ke3 Na6 70. Kf4 h6 71. Ke5 Nc5 72. Kf6 Nb3 73. Be1 Nd4 74. Kxg6 Nxf3 75. Bf2 Ng5 76. h4 Ne4 77. Be1 Nd6 78. Kxh6 Kb7 79. Kg6 Ka6 80. h5 Nc8 81. Kxf5 Ne7+ 82. Ke6 1-0